|
|
|
|
| LEADER |
00000cam a2200000 a 4500 |
| 001 |
vtls010274102 |
| 003 |
SK-MaSNL |
| 005 |
20260301031713.0 |
| 008 |
240315s2011 xo g 000 f slo |
| 015 |
|
|
|a SNBA2011/12-06258
|
| 020 |
|
|
|a 9788055124377
|q (viaz.)
|
| 035 |
|
|
|a 2690115D-908B-491B-9A55-A10BC78CDA99
|
| 035 |
|
|
|a urn:nbn:sk:snk-amkw3n
|
| 035 |
|
|
|a urn:nbn:sk:snk-am002gnv
|
| 040 |
|
|
|a SNK
|b slo
|c SNK
|e AACR2
|
| 041 |
0 |
|
|a slo
|h eng
|
| 043 |
|
|
|a n-us---
|
| 044 |
|
|
|a xo
|c SK
|
| 072 |
|
7 |
|a 821.111(73)-3
|x Americká próza
|2 konspekt
|
| 080 |
|
|
|a (0:82-31)
|2 2001
|
| 080 |
|
|
|a 343.9.02
|2 2001
|
| 080 |
|
|
|a (73)
|2 2001
|
| 080 |
|
|
|a 821.111(73)-31
|2 2001
|
| 100 |
1 |
|
|a Puzo, Mario,
|d 1920-1999
|4 aut
|9 89065
|
| 240 |
1 |
4 |
|a The sicilian
|l Slovensky
|
| 245 |
1 |
0 |
|a Sicílčan
|c Mario Puzo ; [z anglického originálu preložila Magda Žáryová]
|
| 250 |
|
|
|a 2. vyd.
|
| 260 |
|
|
|a Bratislava
|b Ikar
|c 2011
|
| 300 |
|
|
|a 343 s.
|c 21 cm
|
| 500 |
|
|
|a Celkovo 3. vyd.
|
| 650 |
0 |
7 |
|a mafia
|2 SNKPH
|9 2675
|
| 651 |
|
7 |
|a Spojené štáty americké
|2 SNKPH
|9 18262
|
| 651 |
|
7 |
|a United States of America
|2 SNKPHeng
|9 268235
|
| 655 |
|
7 |
|a americké romány
|2 SNKPH
|9 1174
|
| 655 |
|
7 |
|a American fiction
|2 SNKPHeng
|9 281076
|
| 700 |
1 |
|
|a Žáryová, Magda,
|d 1927-2009
|4 trl
|9 107891
|
| 852 |
|
|
|a Štátna vedecká knižnica v Banskej Bystrici
|
| 919 |
|
|
|a 978-80-551-2437-7
|
| 968 |
|
|
|b ENG
|d 821
|
| 999 |
|
|
|c 577173
|d 579103
|
| 952 |
|
|
|a SNK
|b SNK
|y PREZ
|7 0
|p 17A0701787
|o snkSC 145205
|i snk2011/9903
|8 0
|0 0
|1 0
|4 0
|d 2011-05-02
|l 0
|r 2025-07-14 00:00:00
|w 2026-02-23
|
| 952 |
|
|
|a SNK
|b SNK
|y PREZ
|7 0
|p 17A0701788
|o snkSC 145205 D1
|i snk2011/9905
|8 0
|0 0
|1 0
|4 0
|d 2011-05-02
|f 1
|l 0
|r 2026-02-23 14:37:31
|w 2026-02-23
|